Statistics for Countries with a Drinking Age of 21

Click here to take the quiz!

General Stats

  • This quiz has been taken 39 times
  • The average score is 4 of 14

Answer Stats

Drinking age of 21% Correct
United States
100%
United Arab Emirates
44%
Egypt
31%
Oman
31%
Indonesia
28%
Malaysia
25%
Kazakhstan
22%
Sri Lanka
22%
Bahrain
19%
Turkmenistan
16%
Palau
13%
Uzbekistan
13%
Samoa
6%
Equatorial Guinea
3%

Score Distribution

Percentile by Number Answered

Percent of People with Each Score

Your Score History

You have not taken this quiz